Central Library OPAC University of Rajshahi

Dictionary of trade and commerce / (Record no. 59235)

MARC details
000 -LEADER
fixed length control field 00642nam a2200229 a 4500
001 - CONTROL NUMBER
control field 59235
003 - CONTROL NUMBER IDENTIFIER
rucl marc code BD-RjUL
005 - DATE AND TIME OF LATEST TRANSACTION
control field 20211209080716.0
008 - FIXED-LENGTH DATA ELEMENTS--GENERAL INFORMATION
fixed length control field 161222s1996 ii ||||| |||| 00| 0 eng d
020 ## - INTERNATIONAL STANDARD BOOK NUMBER
International Standard Book Number 8173811865
Terms of availability : IRs 95.00
035 ## - SYSTEM CONTROL NUMBER
System control number (BD-RjUL)59359
040 ## - CATALOGING SOURCE
Original cataloging agency BD-RjUL
Language of cataloging eng
Transcribing agency BD-RjUL
041 ## - LANGUAGE CODE
Language code of text/sound track or separate title eng
082 ## - DEWEY DECIMAL CLASSIFICATION NUMBER
Classification number 380.3
Author mark and year DAD 1996
Edition number 23
100 ## - MAIN ENTRY--PERSONAL NAME
Personal name Das, Sur
9 (RLIN) 176571
245 10 - TITLE STATEMENT
Title Dictionary of trade and commerce /
Statement of responsibility, etc. Sur Das
250 ## - EDITION STATEMENT
Edition statement 1st ed.
260 ## - PUBLICATION, DISTRIBUTION, ETC. (IMPRINT)
Place of publication, distribution, etc. Calcutta :
Name of publisher, distributor, etc. New Central Book Agency (P) Ltd. ,
Date of publication, distribution, etc. 1996.
300 ## - PHYSICAL DESCRIPTION
Pagination [6], 267, viii p. ;
Size 24cm.
650 ## - SUBJECT ADDED ENTRY--TOPICAL TERM
Source of heading or term Commerce
9 (RLIN) 176177
Form subdivision Dictionaries
942 ## - ADDED ENTRY ELEMENTS (KOHA)
Source of classification or shelving scheme Dewey Decimal Classification
Koha item type Reference
Holdings
Lost status Source of classification or shelving scheme Damaged status Not for loan Collection code Permanent Location Current Location Shelving location Date acquired Source of acquisition Cost, normal purchase price Total Checkouts Full call number Date last seen Copy number Koha item type
  Dewey Decimal Classification   Not For Loan Reference Central Library, University of Rajshahi Central Library, University of Rajshahi   01/07/1999 Rajshahi, New Mohiuddin and sons 95.00   R 380.3 DAD 1996 22/12/2016 C-1 Reference